000 00783cam a2200253 i 4500
001 17838
003 BD-RjUL
005 20211209000211.0
008 140219t19761976nyuaf b 001 0 eng
020 _a0064955729 :
035 _a(BD-RjUL)17896
040 _aDLC
_cDLC
_dDLC
_dBD-RjUL
_beng
041 _aeng
082 0 0 _a821.8
_bPIC 1976
100 1 _aPinion, F. B.
_955049
245 1 2 _aA commentary on the poems of Thomas Hardy /
_cF. B. Pinion.
260 _aNew York :
_bBarnes & Noble Books,
_c1976.
300 _axviii, 293 p., [4] leaves of plates :
_bill. ;
_c23 cm.
504 _aIncludes bibliographical references and indexes.
600 1 0 _aHardy, Thomas,
_d1840-1928
_xPoetic works.
_955050
942 _2ddc
_cBK
999 _c17838
_d17838